000 01910cam a2200433 a 4500
999 _c3669
_d3669
001 13648792
003 GZU
005 20201203123908.0
008 040708s2004 enkaf b 001 0 eng d
010 _a 2004301312
020 _a0198520816 (pbk.)
035 _a(OCoLC)ocm54991017
040 _aEQO
_cEQO
_dSNN
_dIBS
_dOCLCQ
_dDLC
042 _alccopycat
043 _ae------
_ae-it---
050 0 0 _aN 5760
_b.STE 2004
082 0 0 _a709/.37
_222
100 1 _aStewart, Peter,
_d1971-
245 1 0 _aRoman art /
_cby Peter Stewart.
260 _aOxford [England] ;
_aNew York :
_bPublished for the Classical Association [by] Oxford University Press,
_c2004.
300 _aviii, 155 p., [8] p. of plates :
_bill. (some col.) ;
_c24 cm.
440 0 _aGreece & Rome.
_pNew surveys in the classics ;
_vno. 34
504 _aIncludes bibliographical references (p. [132]-150) and index.
505 0 _aPortraits -- Public monuments -- Funerary art -- Domestic art I : painting -- Domestic art II : mosaics and sculptures -- Later Roman art.
650 0 _aArt, Roman.
650 0 _aArt, Classical.
650 0 _aArt patronage
_zRome.
650 0 _aCivilization, Classical.
651 0 _aRome
_xAntiquities.
651 0 _aRome
_xCultural policy.
651 0 _aItaly
_xAntiquities, Roman.
710 2 _aClassical Association (Great Britain)
856 4 2 _3Publisher description
_uhttp://www.loc.gov/catdir/enhancements/fy0620/2004301312-d.html
856 4 1 _3Table of contents only
_uhttp://www.loc.gov/catdir/enhancements/fy0620/2004301312-t.html
856 4 2 _3Contributor biographical information
_uhttp://www.loc.gov/catdir/enhancements/fy0724/2004301312-b.html
906 _a7
_bcbc
_ccopycat
_d2
_encip
_f20
_gy-gencatlg
942 _2lcc
_cBK
_h5760
_iSTE
_kN